|
|
|
|
| LEADER |
01172naa a2200265 i 4500 |
| 001 |
acta78450 |
| 005 |
20230316143039.0 |
| 008 |
230316s2022 hu o 1|| eng d |
| 020 |
|
|
|a 978-963-306-904-2
|
| 040 |
|
|
|a SZTE Egyetemi Kiadványok Repozitórium
|b hun
|
| 041 |
|
|
|a eng
|
| 100 |
1 |
|
|a Pantoja Fernanda
|
| 245 |
1 |
0 |
|a Application of membrane separation and adsorption for nutrient recovery from dairy waste waters
|h [elektronikus dokumentum] :
|b [abstract] /
|c Pantoja Fernanda
|
| 260 |
|
|
|c 2022
|
| 300 |
|
|
|a 39
|
| 490 |
0 |
|
|a Proceedings of the International Symposium on Analytical and Environmental Problems
|v 28
|
| 650 |
|
4 |
|a Természettudományok
|
| 650 |
|
4 |
|a Kémiai tudományok
|
| 650 |
|
4 |
|a Biológiai tudományok
|
| 695 |
|
|
|a Szennyvízkezelés - tejipari - előadáskivonat, Szennyvíztisztítás - tejipari - előadáskivonat
|
| 700 |
0 |
1 |
|a Sisay Elias Jigar
|e aut
|
| 700 |
0 |
1 |
|a Beszédes Sándor
|e aut
|
| 700 |
0 |
1 |
|a László Zsuzsanna
|e aut
|
| 711 |
|
|
|a 28th International Symposium on Analytical and Environmental Problems
|c Szeged
|d 2022. november 14-15.
|
| 856 |
4 |
0 |
|u http://acta.bibl.u-szeged.hu/78450/1/proceedings_of_isaep_2022_039.pdf
|z Dokumentum-elérés
|